Catálogo
 En Linea

Aurora Tavarez Belliard / (Registro nro. 53374)

Detalles MARC
000 -CABECERA
campo de control de longitud fija 01513nam a2200277 i 4500
003 - IDENTIFICADOR DEL NÚMERO DE CONTROL
campo de control DO-SdBNP
005 - FECHA Y HORA DE LA ÚLTIMA TRANSACCIÓN
campo de control 20240125100132.0
006 - CÓDIGOS DE INFORMACIÓN DE LONGITUD FIJA--CARACTERÍSTICAS DEL MATERIAL ADICIONAL
campo de control de longitud fija a||||gr|||| 00| 0
007 - CAMPO FIJO DE DESCRIPCIÓN FÍSICA--INFORMACIÓN GENERAL
campo de control de longitud fija ta
008 - DATOS DE LONGITUD FIJA--INFORMACIÓN GENERAL
campo de control de longitud fija 230428e1989 dr ||||gr|||| 001 edspa d
040 ## - FUENTE DE LA CATALOGACIÓN
Centro catalogador/agencia de origen DO-SdBNP
Lengua de catalogación spa
Centro/agencia transcriptor BNPHU
Normas de descripción rda
082 #4 - NÚMERO DE LA CLASIFICACIÓN DECIMAL DEWEY
Número de edición 22
Número de documento/Ítem T231a
100 1# - ENTRADA PRINCIPAL--NOMBRE DE PERSONA
9 (RLIN) 57394
Nombre de persona Tavárez Belliard, Aurora,
Fechas asociadas al nombre 1894-1972
Término indicativo de función/relación autora
245 10 - MENCIÓN DE TÍTULO
Título Aurora Tavarez Belliard /
Mención de responsabilidad, etc. Selección y nota, Julio Jaime Julia.
264 ## - PRODUCCIÓN, PUBLICACIÓN, DISTRIBUCIÓN, FABRICACIÓN Y COPYRIGHT
Producción, publicación, distribución, fabricación y copyright Moca, República Dominicana :
Nombre del de productor, editor, distribuidor, fabricante Comisión Organizadora Permante de la Feria Nacional del Libro,
Fecha de producción, publicación, distribución, fabricación o copyright 1989.
300 ## - DESCRIPCIÓN FÍSICA
Extensión 59 páginas ;
Dimensiones 20 cm.
336 ## - TIPO DE CONTENIDO
Fuente rdacontent
Término de tipo de contenido texto
Código de tipo de contenido txt
337 ## - TIPO DE MEDIO
Fuente rdamedia
Nombre/término del tipo de medio sin mediación
Código del tipo de medio n
338 ## - TIPO DE SOPORTE
Fuente rdacarrier
Nombre/término del tipo de soporte volumen
Código del tipo de soporte nc
500 ## - NOTA GENERAL
Nota general Incluye datos biográficos de la autora en la página 3
500 ## - NOTA GENERAL
Nota general Feria Municipal "Aurora Tavárez Belliard"
505 ## - NOTA DE CONTENIDO CON FORMATO
Nota de contenido con formato De una Parábola--
Título El hombre común--
-- Evolución y feminismo--
-- Feminismo y cultura cívica--
-- De la vieja simiente--
-- Edúcate, hermana--
-- Si eres maestro--
-- Moral rutinaria y moral nueva--
-- El gobierno del hogar y el gobierno de la escuela--
-- Discurso--
-- Alrededor de una tradición--
-- El elogio del olvido.--
-- El hombre y la bestia--
-- La filosofía del del ocio--
-- De la vieja simiente--
-- El hombre indiferente--
-- Lámpara encendida--
-- El dolor de San Pedro--
-- Desnudez--
-- Talento y vanidad--
-- Una filosofía de la educación dominicana.
590 ## - NOTA LOCAL (RLIN)
Nota local Inventariado 2023 / MF
700 1# - PUNTO DE ACCESO ADICIONAL--NOMBRE DE PERSONA
Código de función/relación Julia, Julio Jaime,
Término indicativo de función/relación selección y notas
942 ## - ELEMENTOS DE PUNTO DE ACCESO ADICIONAL (KOHA)
Fuente del sistema de clasificación o colocación Dewey Decimal Classification
Tipo de ítem Koha Libro
Existencias
Estado de retiro Estado de pérdida Fuente del sistema de clasificación o colocación Restricciones de uso No para préstamo Código de colección Localización permanente Ubicación/localización actual Ubicación en estantería Fecha de adquisición Fuente de adquisición Total de préstamos Signatura topográfica completa Código de barras Fecha visto por última vez Precio válido a partir de Tipo de ítem Koha Número de copia
    Dewey Decimal Classification Excluido de préstamo   Patrimonio Dominicano Biblioteca Nacional Pedro Henríquez Ureña Biblioteca Nacional Pedro Henríquez Ureña En catalogación   Domado por Martiza Pérez G.   BNPHU PD T231a 2023-1523 28.04.2023 28.04.2023 Libro  
    Dewey Decimal Classification Excluido de préstamo   Patrimonio Dominicano Biblioteca Nacional Pedro Henríquez Ureña Biblioteca Nacional Pedro Henríquez Ureña En catalogación 25.01.2024 Donación   BNPHU PD T231a 2024-0432 25.01.2024 25.01.2024 Libro e.2

Con tecnología Koha